000 00536nam a2200193Ia 4500
005 20260120130447.0
008 008 260114s9999 xx 000 0 eng d
020 _a9780191720802
037 _aEBOOK
040 _aCRL
_beng
_cCRL
041 _aeng
_2eng
084 _qCRL
100 _aCrouch, Voelzkow
_9915275
245 0 _aInnovation in Local Economies
260 _bOxford University PressOxford University Press
_c2009
856 _uhttps://academic.oup.com/book/32513
942 _cEBOOK
999 _c1507179
_d1507179